000 00380nam a22001457a 4500
003 OSt
005 20240403123447.0
008 240403b |||||||| |||| 00| 0 eng d
040 _cCentral Library MRSPTU
100 _aTeja Singh
245 _aThe Religion of the Sikh Gurus
260 _aAmritsar
_bThe Shiromani Gurdwara Parbandhak Committee
300 _a32
942 _2ddc
_cBK
_n0
999 _c9967
_d9967